| 000 | 00838nam a22002537a 4500 | ||
|---|---|---|---|
| 003 | UA-OsUOA | ||
| 001 | 21995 | ||
| 007 | ta | ||
| 008 | 20031216b un ||||| |||| 00| 0 ukr d | ||
| 090 |
_a008(477) _bП42 |
||
| 942 | _cBK | ||
| 040 |
_aUA-OsUOA _bukr _cUA-OsUOA _dUA-OsUOA |
||
| 245 |
_aПовернення культурного надбання України _bпроблеми, завдання, перспективи _cВ. Акуленка, В. Врублевської, А. В'яльця, Л. Лозенка |
||
| 300 | _a64 с. | ||
| 955 | _a2 | ||
| 041 | _aukr | ||
| 080 | _a008(477) | ||
| 020 | _a966-531-003-8 | ||
| 260 |
_aКиїв _bАбрис _c1996 |
||
| 246 | 3 | 1 |
_aВип. 7 _nКультура і війна. Погляд через півстоліття |
| 044 | _aUA | ||
| 650 | 7 | _2UDC | |
| 999 |
_c308205 _d308205 |
||